000 01062nam a2200325 4500
001 24623
010 _a9789896658373
021 _aPT
_b464012/19
090 _a24623
100 _a20200218d2020 c y0pory50030103ba
101 1 _apor
_ceng
102 _aPT
105 _aa z 000fy
106 _ar
200 1 _aO muro no meio do livro
_fJon Agee
_gtrad. Joana Gonçalves
210 9 _aLisboa
_cNuvem de Letras
_d2020
215 _a[44] p.
_cmuito il.
_d30 cm
304 _aTít. orig.: The wall in the middle of the book
330 _aHistória muito simples e inteligente que provoca a discussão de temas importantes. O muro no meio do livro é, supostamente, para proteger um lado do livro do outro lado. Supostamente.
606 _aLiteratura infantil
_xConto
675 _a087.5
_vBN
_zpor
675 _a821.111(73)-93"19/20"
_vBN
_zpor
675 _a821.111(73)-34"19/20"
_vBN
_zpor
700 1 _aAgee
_bJon
_f1959-
702 1 _aGonçalves
_bJoana
_4730
801 0 _aPT
_bBEDB
_gRPC
942 _n0
_cMON